Constructive measure theory

Αποθηκεύτηκε σε:
Λεπτομέρειες βιβλιογραφικής εγγραφής
Κύριοι συγγραφείς: Bishop, Errett 1928-1983, Cheng, Henry (Συγγραφέας)
Μορφή: Βιβλίο
Γλώσσα:English
Δημοσίευση: [Providence, R.I. : American Mathematical Society, [1972].
Σειρά:Memoirs of the American Mathematical Society ; 116
Θέματα:
Ετικέτες: Προσθήκη ετικέτας
Δεν υπάρχουν, Καταχωρήστε ετικέτα πρώτοι!

MARC

LEADER 00000cam a2200000 i 4500
001 1/47534
008 941103s1972 riu ||| | eng||
020 |a 0821818163 
035 |l 10043090 
040 |a GR-MyUA  |b gre  |e AACR2 
041 0 |a eng 
082 0 |a 515.42  
100 1 |a Bishop, Errett  |d 1928-1983. 
245 1 0 |a Constructive measure theory /   |c by Errett Bishop and Henry Cheng.  
260 |a [Providence, R.I. :   |b American Mathematical Society,   |c [1972]. 
300 |a v, 85 σ. ;   |c 25 εκ.  
490 1 |a (Memoirs of the American Mathematical Society   |v ; 116) 
504 |a Βιβλιογραφία: σ. 85 
650 0 0 |a Measure theory. 
650 0 0 |a Integrals, Generalized. 
650 0 0 |a Constructive mathematics. 
700 1 |a Cheng, Henry,  |e aut 
830 0 |a Memoirs of the American Mathematical Society ;  |v  116 
852 |a INST  |b SAMOS  |e 19941103  |h 515.42 BIS  |p 005300002449  |q 005300002449  |t BK  |y 0 
909 |a Σ  |b 030971